Score 0/232 Timer 20:00
0 Plays Today
Country Player % Correct
SwedenHenrik Larsson
84.8%
SwedenSebastian Larsson
84.8%
DenmarkDaniel Agger
82.9%
DenmarkKasper Schmeichel
81%
DenmarkPeter Schmeichel
81%
NorwayHenning Berg
80.7%
IcelandGylfi Sigurðsson
80.3%
IcelandLárus Sigurðsson
80%
IcelandEiður Guðjohnsen
78.9%
SwedenRobin Olsen
76%
SwedenMarcus Olsson
75.6%
SwedenMartin Olsson
75.6%
SwedenJonas Olsson
75.5%
DenmarkChristian Eriksen
75.3%
NorwayTore André Flo
75%
NorwayJohn Arne Riise
75%
DenmarkBrian Jensen
74.3%
DenmarkClaus Jensen
74.3%
DenmarkJohn Jensen
74.3%
DenmarkNiclas Jensen
74.3%
DenmarkThomas Sørensen
74.3%
NorwayJostein Flo
74.3%
NorwayBjørn Helge Riise
74.3%
DenmarkNicklas Bendtner
74.1%
DenmarkLasse Sørensen
73.7%
SwedenFredrik Ljungberg
73.4%
FinlandJussi Jääskeläinen
72.7%
DenmarkJoachim Andersen
72%
NorwayOle Gunnar Solskjær
71.8%
FinlandSami Hyypiä
71.7%
NorwayRonny Johnsen
71%
FinlandMikael Forssell
70.8%
NorwayErland Johnsen
70.3%
FinlandJari Litmanen
70.1%
SwedenZlatan Ibrahimović
69%
NorwayMorten Gamst Pedersen
68.4%
NorwayJohn Carew
67.9%
DenmarkJesper Grønkjær
67.7%
DenmarkHenrik Pedersen
67.7%
DenmarkPer Pedersen
67.5%
NorwayTore Pedersen
67.4%
FinlandJonatan Johansson
66%
SwedenAndreas Johansson
65.8%
SwedenNils-Eric Johansson
65.8%
SwedenJesper Blomqvist
64.6%
NorwayJoshua King
64.5%
SwedenOlof Mellberg
64.2%
NorwayØyvind Leonhardsen
63.4%
Faroe IslandsGunnar Nielsen
63%
IcelandHermann Hreiðarsson
63%
DenmarkAllan Nielsen
62.9%
SwedenAnders Svensson
62.7%
SwedenMathias Svensson
62.7%
SwedenMichael Svensson
62.7%
SwedenAnders Andersson
62.3%
SwedenAndreas Andersson
62.3%
SwedenPatrik Andersson
62.3%
DenmarkThomas Gravesen
61.8%
DenmarkMartin Laursen
61.8%
DenmarkJacob Laursen
61.7%
NorwayBrede Hangeland
60.4%
NorwayAbdisalam Ibrahim
59.4%
NorwaySteffen Iversen
59.4%
DenmarkJon Dahl Tomasson
59.1%
SwedenVictor Lindelöf
59%
NorwayStig Inge Bjørnebye
58.2%
SwedenTomas Brolin
57.9%
SwedenDavid Elm
57.5%
SwedenAndreas Isaksson
57.3%
IcelandJóhann Berg Guðmundsson
56.3%
SwedenJohan Elmander
56.1%
IcelandHeiðar Helguson
55.8%
DenmarkChristian Poulsen
55.6%
NorwayEirik Bakke
55.4%
SwedenAnders Limpar
55.1%
FinlandAntti Niemi
54.9%
DenmarkStephan Andersen
54.7%
NorwayTrond Andersen
54.7%
Country Player % Correct
IcelandAron Gunnarsson
54.4%
IcelandBrynjar Gunnarsson
54.4%
SwedenKim Källström
54.2%
DenmarkBrian Laudrup
53.4%
NorwayJan Åge Fjørtoft
53.4%
SwedenErik Edman
53.2%
SwedenNiclas Alexandersson
52.7%
FinlandTeemu Tainio
52.3%
DenmarkAndreas Christensen
52.2%
NorwayAndreas Lund
51.1%
DenmarkDennis Rommedahl
50.9%
SwedenMikael Nilsson
50.9%
SwedenRoland Nilsson
50.9%
DenmarkMathias Jørgensen
50.3%
NorwayAlf-Inge Håland
49.4%
NorwayVegard Heggem
49.2%
SwedenMartin Dahlin
49.2%
IcelandJóhann Guðmundsson
49.1%
NorwayErik Nevland
48.7%
SwedenNiklas Gudmundsson
48.7%
NorwayGunnar Halle
48%
NorwayBjørn Tore Kvarme
47.2%
FinlandShefki Kuqi
46.8%
NorwayClaus Lundekvam
46.6%
DenmarkAnders Lindegaard
46.1%
NorwayThomas Myhre
45.8%
NorwayEgil Østenstad
45.8%
SwedenMarcus Allbäck
45.8%
FinlandTeemu Pukki
45.4%
IcelandGuðni Bergsson
44.9%
DenmarkMikkel Beck
44.4%
DenmarkLars Jacobsen
44.2%
FinlandPeter Enckelman
43.9%
DenmarkJonas Lössl
43.6%
DenmarkJan Mølby
43.5%
DenmarkMartin Johansen
42.3%
DenmarkMichael Johansen
42.3%
IcelandÍvar Ingimarsson
42.3%
NorwayStig Johansen
42.3%
DenmarkPeter Løvenkrands
42.1%
NorwayStefan Johansen
41.8%
SwedenMagnus Hedman
41.6%
SwedenStefan Schwarz
41.5%
NorwayEspen Baardsen
40.1%
NorwayFrode Grodås
39.2%
SwedenTobias Linderoth
39%
DenmarkPhilip Billing
38.8%
DenmarkBjarne Goldbæk
38.7%
NorwayLars Bohinen
38.7%
NorwayErik Thorstvedt
38.3%
DenmarkStig Tøfting
38%
IcelandJoey Guðjónsson
37.7%
IcelandÞórður Guðjónsson
37.1%
DenmarkPer Frandsen
36.4%
IcelandGrétar Steinsson
36.3%
SwedenAndreas Granqvist
36.3%
IcelandEggert Jónsson
36.1%
DenmarkAndreas Cornelius
35.9%
DenmarkJes Høgh
35.9%
SwedenRami Shaaban
35.6%
SwedenChristian Wilhelmsson
35.6%
NorwayMats Møller Dæhli
35.3%
DenmarkThomas Helveg
34.7%
NorwaySander Berge
34.5%
DenmarkLeon Andreasen
34%
NorwayJo Tessem
33.9%
SwedenJohn Guidetti
33.9%
DenmarkPierre-Emile Højbjerg
33.8%
DenmarkMartin Albrechtsen
33.3%
SwedenTeddy Lučić
33.2%
DenmarkPer Krøldrup
32.6%
SwedenBojan Djordjic
32.6%
SwedenOla Toivonen
32.1%
DenmarkBo Hansen
31.6%
NorwayMartin Andresen
30.9%
SwedenPontus Kåmark
30.9%
SwedenJoachim Björklund
30.7%
SwedenMattias Jonson
30.4%
Country Player % Correct
NorwayMarkus Henriksen
30.2%
NorwayMagnus Wolff Eikrem
30.2%
NorwayDaniel Braaten
30.1%
NorwayStåle Solbakken
28.8%
NorwayAlexander Tettey
28.8%
SwedenKlas Ingesson
28.3%
SwedenAlexander Kačaniklić
28.2%
FinlandAki Riihilahti
28%
NorwayHåvard Nordtveit
28%
NorwayRoger Nilsen
27.8%
SwedenMarkus Rosenberg
27.8%
SwedenEmil Krafth
27.5%
DenmarkJores Okore
27.1%
NorwayJo Inge Berget
26.6%
NorwayMohamed Elyounoussi
26.6%
DenmarkWilliam Kvist
26.3%
DenmarkJannik Vestergaard
26.3%
NorwayPetter Rudi
26.3%
SwedenRade Prica
26.3%
DenmarkMarc Rieper
26.1%
FinlandJoonas Kolkka
25.2%
SwedenJan Eriksson
24.9%
FinlandHannu Tihinen
24.4%
DenmarkThomas Gaardsøe
23.8%
FinlandPetri Pasanen
23.8%
NorwayTrond Egil Soltvedt
23.7%
DenmarkNicklas Helenius
23.1%
DenmarkViktor Fischer
22.6%
NorwayPål Lydersen
22.5%
NorwayAlexander Sørloth
22.4%
DenmarkTorben Piechnik
22.1%
FinlandToni Kallio
22.1%
IcelandArnur Gunnlaugsson
21.6%
DenmarkClaus Thomsen
20.6%
SwedenKristoffer Nordfeldt
20.5%
SwedenFredrik Stoor
20.4%
SwedenMartin Pringle
20.2%
NorwayAdama Diomandé
20.1%
FinlandMixu Paatelainen
19.9%
NorwayFrank Strandli
19.9%
NorwayOmar Elabdellaoui
19.7%
SwedenAndreas Jakobsson
19.2%
DenmarkJakob Kjeldbjerg
19%
SwedenTomas Gustafsson
18.8%
NorwayJon Olav Hjelde
18.5%
NorwayAzar Karadas
18.5%
NorwayBjørn Otto Bragstad
18.3%
DenmarkMikkel Bischoff
17.8%
DenmarkBrian Priske
17.4%
FinlandSimo Valakari
17.4%
DenmarkPeter Degn
17.1%
DenmarkKevin Stuhr Ellegaard
16.4%
SwedenMuamer Tanković
15.2%
NorwayØrjan Nyland
15%
DenmarkJakob Haugaard
14.1%
DenmarkKenneth Zohore
13.9%
NorwayKristofer Hæstad
13.6%
NorwayRagnvald Soma
13.6%
NorwayJonathan Parr
13.2%
NorwayErik Hagen
13.1%
NorwayKåre Ingebrigtsen
13.1%
SwedenKen Sema
13.1%
DenmarkRonnie Ekelund
13%
IcelandÞorvaldur Örlygsson
12.6%
DenmarkCarsten Fredgaard
12.3%
NorwayRunar Normann
12.1%
NorwayStåle Stensaas
11.6%
SwedenJoel Asoro
11.4%
SwedenBjörn Runström
10.7%
NorwayFredrik Ulvestad
10.4%
SwedenPeter Markstedt
9.7%
NorwayChrisitan Kalvenes
9.5%
DenmarkOskar Buur
9.1%
SwedenJonas Wirmola
8.8%
SwedenJesper Mattsson
8.6%
SwedenMarino Rahmberg
7.6%
Remove Ads.
Support Sporcle.
Get the best of Sporcle when you Go Orange. This ad-free experience offers more features, more stats, and more fun while also helping to support Sporcle. Thank you for becoming a member.

You're not logged in!

Compare scores with friends on all Sporcle quizzes.
OR
Log In

Show Comments

Extras

Top Quizzes Today


Score Distribution

Your Account Isn't Verified!

In order to create a playlist on Sporcle, you need to verify the email address you used during registration. Go to your Sporcle Settings to finish the process.

Report this User

Report this user for behavior that violates our Community Guidelines.

Details: